[Event "Montpellier op"]
[Site "Montpellier"]
[Date "2007.07.10"]
[Round "4"]
[White "Heberla, Bartlomiej"]
[Black "San Marco, Bruno"]
[Result "1-0"]
[WhiteElo "2484"]
[BlackElo "2221"]
[PlyCount "57"]
[EventDate "2007.12.26"]
[EventType "swiss"]
[EventRounds "7"]
[EventCountry "FRA"]
[SourceTitle "CBM 119 Extra"]
[Source "ChessBase"]
[SourceDate "2007.09.04"]
[SourceVersion "1"]
[SourceVersionDate "2007.09.04"]
[SourceQuality "1"]

1. e4 d5 2. exd5 Nf6 3. d4 Nxd5 4. Nf3 Nb6 5. a4 a5 6. c4 g6 7. Nc3 Bg7 8. c5 Nd5 9. Bc4 c6 10. Qb3 0-0 11. 0-0 Nb4 12. Ne5 Qe8 13. Bg5 h6 14. Bh4 Bf5 15. Rae1 g5 16. Bg3 Bc2 17. Qa3 Bf5 18. Ne4 Nc2 19. Qf3 Be6 20. Bxe6 Nxe1 21. Qg4 Nd3 22. Bb3 Nxe5 23. dxe5 Qc8 24. Qh5 Qf5 25. Bc2 Bxe5 26. Qxh6 Rd8 27. Nf6+ Qxf6 28. Bh7+ Kh8 29. Bxe5 1-0

[Event "FRA-chT2C 0506"]
[Site "France"]
[Date "2006.01.15"]
[Round "6.4"]
[White "San Marco, Bruno"]
[Black "Olaizola Ortega, Luis"]
[Result "1/2-1/2"]
[WhiteElo "2236"]
[BlackElo "2220"]
[PlyCount "71"]
[EventDate "2005.10.27"]
[EventType "team"]
[EventRounds "11"]
[EventCountry "FRA"]
[SourceTitle "EXT 2006"]
[Source "ChessBase"]
[SourceDate "2005.11.24"]
[SourceVersion "1"]
[SourceVersionDate "2005.11.24"]
[SourceQuality "1"]
[WhiteTeam "Lodeve Saint Affrique"]
[WhiteTeamCountry "FRA"]

1. g3 Nf6 2. Bg2 d5 3. Nf3 g6 4. c4 c6 5. b3 Bg7 6. Bb2 0-0 7. 0-0 Re8 8. d4 Bf5 9. Nbd2 h6 10. Nh4 Bg4 11. Bf3 Bxf3 12. Nhxf3 Ne4 13. Qc2 f5 14. Nxe4 dxe4 15. Ne5 Qd6 16. Rad1 Nd7 17. Nxd7 Qxd7 18. d5 Bxb2 19. Qxb2 Rad8 20. Qd2 Kh7 21. Qe3 b6 22. f3 exf3 23. exf3 e5 24. Qe2 c5 25. Rfe1 Qd6 26. Qb2 Re7 27. Rd2 Rde8 28. Rde2 h5 29. Kg2 Kg8 30. Qd2 Kf7 31. h4 Qf6 32. d6 Rd7 33. Qd5+ Qe6 34. Qxe6+ Rxe6 35. Rxe5 Rxe5 36. Rxe5 1/2-1/2

[Event "FRA-chT2C 0506"]
[Site "France"]
[Date "2006.01.14"]
[Round "5.4"]
[White "San Marco, Bruno"]
[Black "Ouakhir, Pierre Mehdi"]
[Result "1/2-1/2"]
[WhiteElo "2236"]
[BlackElo "2237"]
[PlyCount "36"]
[EventDate "2005.10.27"]
[EventType "team"]
[EventRounds "11"]
[EventCountry "FRA"]
[SourceTitle "EXT 2006"]
[Source "ChessBase"]
[SourceDate "2005.11.24"]
[SourceVersion "1"]
[SourceVersionDate "2005.11.24"]
[SourceQuality "1"]
[WhiteTeam "Lodeve Saint Affrique"]
[WhiteTeamCountry "FRA"]

1. g3 d5 2. Bg2 Nf6 3. Nf3 Bg4 4. c4 c6 5. cxd5 cxd5 6. Ne5 Bf5 7. 0-0 e6 8. Nc3 Bd6 9. d4 0-0 10. Bg5 Qb6 11. Bxf6 gxf6 12. e4 fxe5 13. exf5 Qxd4 14. Qh5 e4 15. Nb5 Qe5 16. Nxd6 Qxd6 17. Qg5+ Kh8 18. Qf6+ Kg8 1/2-1/2

[Event "FRA-chT2C 0506"]
[Site "France"]
[Date "2005.10.16"]
[Round "1.4"]
[White "Heinis, Vincent"]
[Black "San Marco, Bruno"]
[Result "1-0"]
[WhiteElo "2193"]
[BlackElo "2241"]
[PlyCount "51"]
[EventDate "2005.10.27"]
[EventType "team"]
[EventRounds "11"]
[EventCountry "FRA"]
[SourceTitle "EXT 2006"]
[Source "ChessBase"]
[SourceDate "2005.11.24"]
[SourceVersion "1"]
[SourceVersionDate "2005.11.24"]
[SourceQuality "1"]
[WhiteTeam "Toulouse"]
[BlackTeam "Lodeve Saint Affrique"]
[WhiteTeamCountry "FRA"]
[BlackTeamCountry "FRA"]

1. d4 d6 2. c4 f5 3. g3 Nf6 4. Bg2 g6 5. Nc3 Bg7 6. Nf3 0-0 7. 0-0 c6 8. b3 e5 9. dxe5 dxe5 10. Ba3 Qxd1 11. Raxd1 Re8 12. e4 Na6 13. Bh3 b5 14. cxb5 cxb5 15. Nxb5 Nxe4 16. Nd2 Nxd2 17. Rxd2 Bb7 18. Nd6 Red8 19. Rfd1 Bf3 20. Bf1 Bf8 21. Bc4+ Kg7 22. Nxf5+ gxf5 23. Rxd8 Rxd8 24. Rxd8 Bxa3 25. Rd7+ Kg6 26. Rxa7 1-0

[Event "Gard-ch"]
[Site "Nimes"]
[Date "2000.??.??"]
[Round "?"]
[White "Mallassagne, Francois Eric"]
[Black "San Marco, Bruno"]
[Result "0-1"]
[WhiteElo "2080"]
[BlackElo "2281"]
[PlyCount "50"]
[EventDate "2000.??.??"]
[EventType "swiss"]
[EventRounds "7"]
[EventCountry "FRA"]
[SourceTitle "EXT 2005"]
[Source "ChessBase"]
[SourceDate "2004.11.15"]
[SourceVersion "1"]
[SourceVersionDate "2004.11.15"]
[SourceQuality "1"]

1. f4 e6 2. Nf3 c5 3. e3 Nf6 4. b3 Be7 5. Bb2 0-0 6. Nc3 a6 7. a4 b6 8. Be2 Bb7 9. 0-0 d6 10. Ng5 Nd5 11. Nh3 Nd7 12. f5 Nxc3 13. Bxc3 e5 14. Bd3 d5 15. Qf3 e4 16. Qg3 d4 17. exd4 exd3 18. d5 Bf6 19. Bxf6 Qxf6 20. c4 Qd4+ 21. Kh1 Nf6 22. Rae1 Rae8 23. Rxe8 Rxe8 24. Ng5 Qg4 25. Qc7 Qxf5 0-1

[Event "Cap d'Agde op"]
[Site "Cap d'Agde"]
[Date "1996.04.??"]
[Round "?"]
[White "Lebel Arias, Julia"]
[Black "San Marco, Bruno"]
[Result "0-1"]
[WhiteElo "2075"]
[BlackElo "2250"]
[PlyCount "60"]
[EventDate "1996.04.??"]
[EventType "swiss"]
[EventRounds "9"]
[EventCountry "FRA"]
[SourceTitle "EXT 2016"]
[Source "ChessBase"]
[SourceDate "2015.10.08"]
[SourceVersion "1"]
[SourceVersionDate "2015.10.08"]
[SourceQuality "1"]

1. d4 g6 2. Nf3 Bg7 3. c3 Nf6 4. Bg5 0-0 5. Nbd2 d6 6. Bxf6 Bxf6 7. h4 c5 8. Ne4 Qb6 9. Nxf6+ exf6 10. Qd2 Nc6 11. 0-0-0 Bg4 12. Nh2 Bd7 13. e3 cxd4 14. exd4 Rac8 15. Kb1 Na5 16. g4 Bc6 17. d5 Ba4 18. Re1 Rfe8 19. Bd3 Bb5 20. h5 Bxd3+ 21. Qxd3 Rxe1+ 22. Rxe1 Qxf2 23. Nf3 Nc4 24. Re2 Qf1+ 25. Kc2 Qa1 26. Kb3 a5 27. a3 a4+ 28. Kb4 Qa2 29. Qc2 Nxa3 30. Qd3 Qb3+ 0-1

[Event "Cannes op"]
[Site "Cannes"]
[Date "1995.??.??"]
[Round "7"]
[White "Elbilia, Jacques"]
[Black "San Marco, Bruno"]
[Result "1-0"]
[WhiteElo "2325"]
[BlackElo "2270"]
[PlyCount "69"]
[EventDate "1995.02.??"]
[EventType "swiss"]
[EventRounds "9"]
[EventCountry "FRA"]
[SourceTitle "CBM 046 Extra"]
[Source "ChessBase"]
[SourceDate "1995.07.01"]
[SourceVersion "1"]
[SourceVersionDate "1995.07.01"]
[SourceQuality "1"]

1. d4 Nf6 2. c4 g6 3. Nc3 Bg7 4. e4 0-0 5. f4 d6 6. Nf3 c5 7. d5 e6 8. Be2 exd5 9. cxd5 Bg4 10. 0-0 Nbd7 11. Re1 Re8 12. h3 Bxf3 13. Bxf3 Qa5 14. Be3 b5 15. a3 Nb6 16. e5 Nc4 17. exf6 Nxe3 18. Rxe3 Rxe3 19. fxg7 Rae8 20. Qd2 Qb6 21. f5 c4 22. Kh1 gxf5 23. Rf1 R8e5 24. Qf2 b4 25. axb4 Qxb4 26. Be4 R3xe4 27. Nxe4 Rxe4 28. Qxf5 Re7 29. Qf6 Rd7 30. Rf5 Qe1+ 31. Kh2 Qe7 32. Qh6 f6 33. Rf3 Qe5+ 34. Rg3 f5 35. Qxh7+ 1-0

[Event "Cannes op"]
[Site "Cannes"]
[Date "1995.??.??"]
[Round "5"]
[White "Pedersen, Steffen"]
[Black "San Marco, Bruno"]
[Result "1-0"]
[WhiteElo "2400"]
[BlackElo "2270"]
[PlyCount "53"]
[EventDate "1995.02.??"]
[EventType "swiss"]
[EventRounds "9"]
[EventCountry "FRA"]
[SourceTitle "CBM 046 Extra"]
[Source "ChessBase"]
[SourceDate "1995.07.01"]
[SourceVersion "1"]
[SourceVersionDate "1995.07.01"]
[SourceQuality "1"]

1. d4 Nf6 2. c4 g6 3. Nc3 Bg7 4. Bg5 0-0 5. e3 c5 6. d5 d6 7. Nf3 e6 8. Nd2 h6 9. Bh4 exd5 10. cxd5 Nbd7 11. Be2 a6 12. a4 Re8 13. 0-0 Qc7 14. Bg3 Re7 15. h3 Ne8 16. e4 Bd4 17. Kh1 Ndf6 18. f4 Bd7 19. Bf3 Rb8 20. e5 dxe5 21. Nc4 Nd6 22. fxe5 Nxc4 23. d6 Qa5 24. dxe7 Nxe5 25. Nd5 Nxd5 26. Bxd5 Be8 27. Qe2 1-0

[Event "Cannes op"]
[Site "Cannes"]
[Date "1995.??.??"]
[Round "4"]
[White "San Marco, Bruno"]
[Black "Tratar, Marko"]
[Result "1/2-1/2"]
[WhiteElo "2270"]
[BlackElo "2420"]
[PlyCount "79"]
[EventDate "1995.02.??"]
[EventType "swiss"]
[EventRounds "9"]
[EventCountry "FRA"]
[SourceTitle "CBM 046 Extra"]
[Source "ChessBase"]
[SourceDate "1995.07.01"]
[SourceVersion "1"]
[SourceVersionDate "1995.07.01"]
[SourceQuality "1"]

1. e4 b6 2. d4 Bb7 3. Nd2 e6 4. Bd3 c5 5. c3 Nf6 6. Ngf3 Be7 7. 0-0 cxd4 8. Nxd4 d6 9. Qe2 Nc6 10. N2f3 0-0 11. Nxc6 Bxc6 12. Nd4 Bb7 13. Bg5 a6 14. f4 Nd7 15. Bxe7 Qxe7 16. Rae1 b5 17. Rf3 g6 18. Rg3 e5 19. Nf5 Qf6 20. Nh6+ Kh8 21. Ng4 Qe7 22. f5 gxf5 23. exf5 Rg8 24. Qf2 f6 25. Nh6 Rxg3 26. Qxg3 Rf8 27. Bf1 d5 28. Qh4 e4 29. Kh1 Ne5 30. Re3 Nf7 31. Nxf7+ Rxf7 32. Rg3 b4 33. Qf4 bxc3 34. bxc3 Qf8 35. Be2 Rg7 36. Rxg7 Kxg7 37. Qc7+ Qf7 38. Qg3+ Kh8 39. Qb8+ Kg7 40. Qg3+ 1/2-1/2

[Event "Cannes op"]
[Site "Cannes"]
[Date "1995.??.??"]
[Round "9"]
[White "Weindl, Alfred"]
[Black "San Marco, Bruno"]
[Result "1-0"]
[WhiteElo "2385"]
[BlackElo "2270"]
[PlyCount "49"]
[EventDate "1995.02.??"]
[EventType "swiss"]
[EventRounds "9"]
[EventCountry "FRA"]
[SourceTitle "CBM 046 Extra"]
[Source "ChessBase"]
[SourceDate "1995.07.01"]
[SourceVersion "1"]
[SourceVersionDate "1995.07.01"]
[SourceQuality "1"]

1. g3 g6 2. Bg2 Bg7 3. e4 e5 4. Ne2 h5 5. d4 exd4 6. Nxd4 h4 7. Nc3 d6 8. Be3 Nd7 9. Qe2 a6 10. 0-0-0 h3 11. Bf3 Ne5 12. Rhe1 Nh6 13. Bh1 c6 14. f3 Qc7 15. g4 b5 16. g5 Ng8 17. Bf2 b4 18. Na4 c5 19. Nf5 gxf5 20. exf5 Bxf5 21. f4 Rd8 22. fxe5 Bxe5 23. Rxd6 Qxd6 24. Bxc5 Qe6 25. Qxe5 1-0

[Event "FRA-ch op FIDE"]
[Site "Paris"]
[Date "1994.??.??"]
[Round "5"]
[White "Belkhodja, Slim"]
[Black "San Marco, Bruno"]
[Result "1-0"]
[WhiteElo "2390"]
[BlackElo "2240"]
[PlyCount "45"]
[EventDate "1994.??.??"]
[EventType "swiss"]
[EventRounds "9"]
[EventCountry "FRA"]
[SourceTitle "EXT 1998"]
[Source "ChessBase"]
[SourceDate "1997.11.17"]
[SourceVersion "1"]
[SourceVersionDate "1997.11.17"]
[SourceQuality "1"]

1. e4 c5 2. Nf3 e6 3. d3 d5 4. Qe2 Nf6 5. g3 Be7 6. Bg2 Nc6 7. 0-0 b6 8. e5 Nd7 9. c4 dxc4 10. dxc4 Bb7 11. Nc3 a6 12. Rd1 Qc7 13. Bf4 g5 14. Bxg5 Bxg5 15. Nxg5 Qxe5 16. Rxd7 Qxe2 17. Rxb7 Qxb2 18. Bxc6+ Kf8 19. Rd1 h6 20. Rxf7+ Kg8 21. Bxa8 hxg5 22. Re7 Kf8 23. Rc7 1-0

[Event "FRA-ch Accession"]
[Site "Chambery"]
[Date "1994.??.??"]
[Round "2"]
[White "Nguyen, Chi Minh"]
[Black "San Marco, Bruno"]
[Result "1/2-1/2"]
[WhiteElo "2130"]
[BlackElo "2260"]
[PlyCount "45"]
[EventDate "1994.??.??"]
[EventType "swiss"]
[EventRounds "11"]
[EventCountry "FRA"]
[SourceTitle "EXT 2004"]
[Source "ChessBase"]
[SourceDate "2003.11.25"]
[SourceVersion "1"]
[SourceVersionDate "2003.11.25"]
[SourceQuality "1"]

1. f4 d5 2. Nf3 g6 3. c4 Nf6 4. cxd5 Nxd5 5. Nc3 Bg7 6. Qb3 Nb6 7. e3 0-0 8. d4 Be6 9. Qc2 Nc6 10. Be2 Rc8 11. a3 Na5 12. b4 Nb3 13. Rb1 Nxc1 14. Qxc1 Bf5 15. Rb2 Nd5 16. Nxd5 Qxd5 17. Bc4 Qd6 18. 0-0 b6 19. Ba6 Rb8 20. Bc4 Rbc8 21. Ba6 Rb8 22. Bc4 Rbc8 23. Ba6 1/2-1/2

[Event "FRA-chT"]
[Site "France"]
[Date "1994.??.??"]
[Round "7"]
[White "Ricter, Jean Paul"]
[Black "San Marco, Bruno"]
[Result "1/2-1/2"]
[WhiteElo "2145"]
[BlackElo "2240"]
[PlyCount "66"]
[EventDate "1994.??.??"]
[EventType "team"]
[EventRounds "11"]
[EventCountry "FRA"]
[SourceTitle "EXT 2005"]
[Source "ChessBase"]
[SourceDate "2004.11.15"]
[SourceVersion "1"]
[SourceVersionDate "2004.11.15"]
[SourceQuality "1"]

1. c4 g6 2. g3 Bg7 3. Bg2 Nf6 4. Nc3 0-0 5. Nf3 d6 6. 0-0 e5 7. d3 Nc6 8. Rb1 a5 9. a3 Nd4 10. b4 axb4 11. axb4 c6 12. b5 Bg4 13. e3 Nxf3+ 14. Bxf3 Bxf3 15. Qxf3 d5 16. bxc6 bxc6 17. cxd5 cxd5 18. Nb5 Qd7 19. e4 Rfb8 20. Bg5 Rxb5 21. Bxf6 Bxf6 22. Qxf6 Rxb1 23. Rxb1 dxe4 24. dxe4 Qd3 25. Re1 Qd4 26. h4 h5 27. Qf3 Ra2 28. Qe3 Qb2 29. Rd1 Kg7 30. Qc5 Ra1 31. Rxa1 Qxa1+ 32. Kg2 Qb2 33. Qd5 Qc3 1/2-1/2

[Event "FRA-ch Accession"]
[Site "Chambery"]
[Date "1994.??.??"]
[Round "1"]
[White "San Marco, Bruno"]
[Black "Nezar, Mustapha"]
[Result "1/2-1/2"]
[WhiteElo "2260"]
[BlackElo "2120"]
[PlyCount "27"]
[EventDate "1994.??.??"]
[EventType "swiss"]
[EventRounds "11"]
[EventCountry "FRA"]
[SourceTitle "EXT 2004"]
[Source "ChessBase"]
[SourceDate "2003.11.25"]
[SourceVersion "1"]
[SourceVersionDate "2003.11.25"]
[SourceQuality "1"]

1. c4 Nf6 2. g3 d5 3. cxd5 Nxd5 4. Bg2 c5 5. Nc3 Nc7 6. Nf3 Nc6 7. d3 e5 8. 0-0 Be7 9. Nd2 Bd7 10. Nc4 0-0 11. e4 Be6 12. f4 f6 13. fxe5 fxe5 14. Rxf8+ 1/2-1/2

[Event "FRA-chT"]
[Site "France"]
[Date "1994.??.??"]
[Round "7"]
[White "Santo Roman, Marc"]
[Black "San Marco, Bruno"]
[Result "0-1"]
[WhiteElo "2440"]
[BlackElo "2240"]
[PlyCount "66"]
[EventDate "1994.??.??"]
[EventType "team"]
[EventRounds "11"]
[EventCountry "FRA"]
[SourceTitle "EXT 1999"]
[Source "ChessBase"]
[SourceDate "1998.11.16"]
[SourceVersion "1"]
[SourceVersionDate "1998.11.16"]
[SourceQuality "1"]

1. e4 d5 2. exd5 Qxd5 3. Nc3 Qa5 4. d4 Nf6 5. Bc4 c6 6. Nf3 Bf5 7. Bd2 e6 8. Nd5 Qd8 9. Nxf6+ gxf6 10. c3 Bd6 11. Nh4 Bg6 12. Qe2 Nd7 13. g3 Nb6 14. Bb3 Qc7 15. c4 c5 16. d5 0-0-0 17. dxe6 Rhe8 18. 0-0-0 Rxe6 19. Qg4 Nd7 20. f4 Be4 21. Rhe1 Qc6 22. Bc3 Bf8 23. Rd2 Rde8 24. Rde2 Bd3 25. Rxe6 Rxe6 26. Qf3 Rxe1+ 27. Bxe1 Be4 28. Qe2 f5 29. Bc2 Nb6 30. Nxf5 Bxc2 31. Qxc2 Qe6 32. Bf2 Nxc4 33. b3 Na3 0-1

[Event "FRA-ch Fide"]
[Site "Nantes"]
[Date "1993.08.26"]
[Round "9"]
[White "San Marco, Bruno"]
[Black "Redon, Bruno"]
[Result "1-0"]
[WhiteElo "2235"]
[BlackElo "2230"]
[PlyCount "70"]
[EventDate "1993.08.??"]
[EventType "swiss"]
[EventRounds "11"]
[EventCountry "FRA"]
[SourceTitle "EXT 2004"]
[Source "ChessBase"]
[SourceDate "2003.11.25"]
[SourceVersion "1"]
[SourceVersionDate "2003.11.25"]
[SourceQuality "1"]

1. c4 Nf6 2. g3 g6 3. Bg2 Bg7 4. Nc3 0-0 5. Nf3 c5 6. d4 d6 7. 0-0 Nc6 8. d5 Na5 9. Nd2 a6 10. Qc2 e6 11. dxe6 Bxe6 12. Nd5 Nc6 13. e3 Bxd5 14. cxd5 Ne5 15. b3 b5 16. Bb2 Qb6 17. a4 Rfe8 18. Ra2 Ra7 19. Rfa1 Rea8 20. Bxe5 dxe5 21. d6 Rd8 22. axb5 Qxb5 23. Bf1 Qb8 24. Qxc5 Rxd6 25. Nc4 Ne4 26. Qa5 Rd8 27. Bg2 Ng5 28. h4 Ne6 29. b4 e4 30. Rb1 f5 31. Rf1 Rdd7 32. Qa4 h6 33. Na5 Qd6 34. Nc4 Qe7 35. Nb6 Rd8 1-0

[Event "FRA"]
[Site "France"]
[Date "1993.??.??"]
[Round "?"]
[White "Herb, Pascal"]
[Black "San Marco, Bruno"]
[Result "1-0"]
[WhiteElo "2380"]
[BlackElo "2250"]
[PlyCount "67"]
[EventDate "1993.??.??"]
[EventType "team"]
[EventRounds "11"]
[EventCountry "FRA"]
[SourceTitle "TD"]
[Source "ChessBase"]
[SourceDate "1994.03.01"]
[SourceVersion "1"]
[SourceVersionDate "1994.03.01"]
[SourceQuality "1"]

1. d4 Nf6 2. Nf3 g6 3. c4 Bg7 4. Nc3 0-0 5. e4 d6 6. Be2 Na6 7. 0-0 e5 8. Re1 c6 9. Rb1 exd4 10. Nxd4 Nc5 11. Bf1 Re8 12. f3 a5 13. Be3 Nh5 14. Qd2 Qe7 15. Rbd1 Be5 16. g3 Qf8 17. Bf2 h6 18. f4 Bg7 19. h3 f5 20. exf5 Rxe1 21. Rxe1 gxf5 22. Bg2 Nf6 23. Qc2 Nfe4 24. Nxe4 fxe4 25. Bxe4 Bxh3 26. Bh7+ Kh8 27. Bg6 Bf6 28. Bf5 Bxf5 29. Nxf5 Rd8 30. Kg2 b6 31. Rh1 Bg7 32. Nxh6 Bxh6 33. Qg6 Qg7 34. Bd4 1-0

[Event "FRA"]
[Site "France"]
[Date "1993.??.??"]
[Round "?"]
[White "San Marco, Bruno"]
[Black "Chomet, Pascal"]
[Result "0-1"]
[WhiteElo "2250"]
[BlackElo "2275"]
[PlyCount "120"]
[EventDate "1993.??.??"]
[EventType "team"]
[EventRounds "11"]
[EventCountry "FRA"]
[SourceTitle "TD"]
[Source "ChessBase"]
[SourceDate "1994.03.01"]
[SourceVersion "1"]
[SourceVersionDate "1994.03.01"]
[SourceQuality "1"]

1. d4 g6 2. c4 Bg7 3. Nc3 d6 4. e4 Nc6 5. Be3 e5 6. d5 Nce7 7. c5 f5 8. cxd6 cxd6 9. f3 Bh6 10. Bxh6 Nxh6 11. Bb5+ Kf8 12. Qd2 Kg7 13. Nge2 Qb6 14. Qg5 Neg8 15. h3 f4 16. Qh4 a6 17. Bd3 Bd7 18. Qf2 Qxf2+ 19. Kxf2 Nf6 20. a4 Nf7 21. a5 g5 22. b4 h5 23. b5 axb5 24. Bxb5 g4 25. Rhb1 Bc8 26. h4 Kf8 27. a6 bxa6 28. Bc6 Ra7 29. Rb8 Kg7 30. Na4 Bb7 31. Rxh8 Kxh8 32. Rb1 Kg7 33. Nec3 g3+ 34. Ke1 Bxc6 35. dxc6 Rc7 36. Rb6 Nd8 37. Rxa6 Rxc6 38. Ra7+ Kg6 39. Kd2 Ne6 40. Nd5 Nxd5 41. exd5 Rc7 42. Ra6 Nd4 43. Rxd6+ Kf7 44. Rh6 Rc2+ 45. Kd3 Rxg2 46. d6 Nxf3 47. Ke4 Rd2 48. Rh7+ Kg8 49. Rxh5 g2 50. Kxf3 g1Q 51. Rg5+ Qxg5 52. hxg5 Rxd6 53. Nc5 Rd5 54. Ne4 Kg7 55. Nf6 Ra5 56. Kg4 Kg6 57. Nd7 Rd5 58. Nf8+ Kf7 59. Nh7 Rd6 60. Kf5 f3 0-1